skbl

Dr Suryya Kumar Bhuyan Library Web-OPAC
ডঃ সূৰ্য্য
কুমাৰ ভূঞা পুথিভঁৰাল ৱেব-অ'পেক

All Research Scholars are advised to clear the annual library fees to continue using Library Resources, Remote Access, Plagiarism Test and Library Clearance.

Cotton University Book Fair 2026

Kalidasa: A Study / (Record no. 9832)

MARC details
000 -LEADER
fixed length control field 00683nam a2200265Ia 4500
001 - CONTROL NUMBER
control field 9845
005 - DATE AND TIME OF LATEST TRANSACTION
control field 20240113234233.0
007 - PHYSICAL DESCRIPTION FIXED FIELD--GENERAL INFORMATION
fixed length control field ta
008 - FIXED-LENGTH DATA ELEMENTS--GENERAL INFORMATION
fixed length control field 130320s1949 ii g b000 u 465 u
040 ## - CATALOGING SOURCE
Original cataloging agency Cotton College Assam
041 ## - LANGUAGE CODE
Language code of text/sound track or separate title eng
082 ## - DEWEY DECIMAL CLASSIFICATION NUMBER
Classification number 891.22409
Item number J 559 K
100 ## - MAIN ENTRY--PERSONAL NAME
Personal name Jhala, G.C. .
245 #0 - TITLE STATEMENT
Title Kalidasa: A Study /
Statement of responsibility, etc. G.C. Jhala.
Medium Textual Documents
250 ## - EDITION STATEMENT
Edition statement 2nd ed /
260 ## - PUBLICATION, DISTRIBUTION, ETC.
Place of publication, distribution, etc. Sl :
Name of publisher, distributor, etc. Padma Publications ,
Date of publication, distribution, etc. 1949.
300 ## - PHYSICAL DESCRIPTION
Extent 190p. ;
Dimensions 18cm..
504 ## - BIBLIOGRAPHY, ETC. NOTE
Bibliography, etc. note Bib.
653 ## - INDEX TERM--UNCONTROLLED
Uncontrolled term Sanskrit literature-Criticism
653 ## - INDEX TERM--UNCONTROLLED
Uncontrolled term Sanskrit drama-Criticism
653 ## - INDEX TERM--UNCONTROLLED
Uncontrolled term MS-Sanskrit
942 ## - ADDED ENTRY ELEMENTS (KOHA)
Source of classification or shelving scheme Dewey Decimal Classification
Koha item type Books
Holdings
Withdrawn status Lost status Damaged status Not for loan Home library Current library Shelving location Date acquired Coded location qualifier Total checkouts Full call number Barcode Date last seen Copy number Price effective from Koha item type
        Dr. Suryya Kumar Bhuyan Library Dr. Suryya Kumar Bhuyan Library   01/02/2012 00000   891.22409 J 559 K 24718 13/01/2024 1 01/02/2012 Books

Designed and Maintained by Team SKBL
©1901-2026

Powered by Koha